000 00231nam a2200109 4500
020 _a996620041X
082 0 _a658.4
245 1 1 _aPerspectives on leadership training
260 _aKenya
_c1993
300 _a264 p.
942 _2ddc
_cBK
999 _c63978
_d63952